000 00580nam a2200181Ia 4500
008 100920s9999 xx 000 0 und d
082 _b849
_a11 थ 37
100 _aSelby R. G.
245 _aBurkes Thoughts On The Cause Of The Present Discounts.
260 _bMACMILLAN AND CO., LONDON.
_c1937
300 _a170
_bसाधी
365 _b0
520 _aएच.पी.बी.
630 _aBurkes Thoughts On The Cause Of The Present Discounts.
650 _aएच.पी.बी.
730 _aBurkes Thoughts On The Cause Of The Present Discounts.
942 _cBOOK
999 _c671773
_d671770